000 00527nam a2200169Ia 4500
008 090711s9999 xx 000 0 und d
082 _b48115
100 _aरांगणेकर कुमुदिनी
245 _aशकुनी मोहर
260 _c1984
300 _a191
600 _aरांगणेकर कुमुदिनी
630 _aशकुनी मोहर
700 _aरांगणेकर कुमुदिनी
730 _aशकुनी मोहर
942 _cBOOK
999 _c330553
_d330553